[Event "European Individual Chess Championship 2017"]
[Site "?"]
[Date "2017.06.08"]
[Round "9.73"]
[White "Khegay, Dmitriy"]
[Black "Indjic, Aleksandar"]
[Result "0-1"]
[BlackElo "2587"]
[WhiteElo "2482"]
[LiveChessVersion "1.4.8"]

1. e4 {[%clk 1:30:59]} c5 {[%clk 1:28:39]} 2. Nf3 {[%clk 1:31:23]} d6
{[%clk 1:28:54]} 3. d4 {[%clk 1:31:50]} cxd4 {[%clk 1:29:14]} 4. Nxd4
{[%clk 1:32:16]} Nf6 {[%clk 1:29:32]} 5. Nc3 {[%clk 1:32:42]} a6 {[%clk 1:29:54]}
6. Be3 {[%clk 1:33:08]} e5 {[%clk 1:27:38]} 7. Nf3 {[%clk 1:33:34]} Qc7
{[%clk 1:21:17]} 8. a4 {[%clk 1:33:59]} h6 {[%clk 1:21:38]} 9. Be2
{[%clk 1:34:22]} Be6 {[%clk 1:22:01]} 10. O-O {[%clk 1:34:43]} Nbd7
{[%clk 1:21:44]} 11. a5 {[%clk 1:34:29]} Be7 {[%clk 1:19:45]} 12. Nd5
{[%clk 1:25:46]} Qc6 {[%clk 1:15:17]} 13. Nxe7 {[%clk 1:07:05]} Kxe7
{[%clk 1:15:38]} 14. Nd2 {[%clk 1:07:29]} Nc5 {[%clk 1:02:53]} 15. f3
{[%clk 1:04:34]} d5 {[%clk 1:03:16]} 16. b4 {[%clk 0:56:59]} Ncd7
{[%clk 1:02:27]} 17. Bd3 {[%clk 0:44:02]} g5 {[%clk 0:52:25]} 18. Qe2
{[%clk 0:41:10]} d4 {[%clk 0:52:32]} 19. Bf2 {[%clk 0:41:36]} Rhc8
{[%clk 0:52:52]} 20. Rfc1 {[%clk 0:37:41]} Rc7 {[%clk 0:50:00]} 21. Be1
{[%clk 0:19:52]} Rac8 {[%clk 0:49:00]} 22. Qf2 {[%clk 0:19:00]} Qd6
{[%clk 0:48:18]} 23. Rab1 {[%clk 0:18:57]} Kf8 {[%clk 0:44:16]} 24. g3
{[%clk 0:18:48]} Kg7 {[%clk 0:43:37]} 25. Qf1 {[%clk 0:17:33]} Rc3
{[%clk 0:40:18]} 26. Kh1 {[%clk 0:15:27]} Ra3 {[%clk 0:35:51]} 27. Rb2
{[%clk 0:07:50]} Qc6 {[%clk 0:29:26]} 28. Rd1 {[%clk 0:03:37]} Qa4
{[%clk 0:24:41]} 29. Nb1 {[%clk 0:01:54]} Rxd3 {[%clk 0:23:08]} 30. Qxd3
{[%clk 0:01:03]} Bc4 {[%clk 0:22:44]} 31. Qd2 {[%clk 0:00:56]} g4
{[%clk 0:22:44]} 32. Qf2 {[%clk 0:00:50]} Qa1 {[%clk 0:22:17]} 33. c3
{[%clk 0:01:16]} gxf3 {[%clk 0:22:10]} 34. Rbd2 {[%clk 0:01:01]} Nxe4
{[%clk 0:22:09]} 35. Qxf3 {[%clk 0:01:22]} Bd5 {[%clk 0:20:32]} 36. Qg4+
{[%clk 0:01:08]} Ng5+ {[%clk 0:20:49]} 37. Kg1 {[%clk 0:01:34]} Rc7
{[%clk 0:15:21]} 38. Rf2 {[%clk 0:01:09]} Be6 {[%clk 0:13:15]} 39. Qe2
{[%clk 0:01:34]} Nh3+ {[%clk 0:12:11]} 40. Kg2 {[%clk 0:32:00]} Nxf2
{[%clk 0:42:26]} 41. Kxf2 {[%clk 0:26:08]} Bb3 {[%clk 0:38:07]} 42. Rc1
{[%clk 0:24:02]} f5 {[%clk 0:13:35]} 43. Bd2 {[%clk 0:22:58]} e4 {[%clk 0:13:56]}
44. Bf4 {[%clk 0:22:01]} e3+ {[%clk 0:14:16]} 45. Kg2 {[%clk 0:20:31]} Rc6
{[%clk 0:13:28]} 46. Kh3 {[%clk 0:18:23]} Qa2 {[%clk 0:12:56]} 47. Qd3
{[%clk 0:18:36]} Bd5 {[%clk 0:12:10]} 48. Qxd4+ {[%clk 0:18:23]} Nf6
{[%clk 0:12:32]} 49. Rg1 {[%clk 0:18:39]} Qe2 {[%clk 0:12:30]} 50. Be5
{[%clk 0:16:55]} Be4 {[%clk 0:11:23]} 51. Bxf6+ {[%clk 0:15:20]} Rxf6
{[%clk 0:11:14]} 52. g4 {[%clk 0:15:17]} Qf2 {[%clk 0:10:01]} 53. Rg3
{[%clk 0:14:40]} f4 {[%clk 0:10:00]} 54. Qd7+ {[%clk 0:11:50]} Rf7
{[%clk 0:10:20]} 55. Qd4+ {[%clk 0:12:16]} Kg8 {[%clk 0:10:23]} 56. Qxe4
{[%clk 0:12:32]} fxg3 {[%clk 0:10:46]} 57. Qg6+ {[%clk 0:12:33]} Kh8
{[%clk 0:11:02]} 0-1

[Event "European Individual Chess Championship 2017"]
[Site "?"]
[Date "2017.06.08"]
[Round "9.74"]
[White "Palac, Mladen"]
[Black "Girya, Olga"]
[Result "1-0"]
[BlackElo "2476"]
[WhiteElo "2573"]
[LiveChessVersion "1.4.8"]

1. e4 {[%clk 1:30:31]} c6 {[%clk 1:30:56]} 2. d4 {[%clk 1:30:12]} d5
{[%clk 1:31:20]} 3. e5 {[%clk 1:30:29]} Bf5 {[%clk 1:31:44]} 4. Nf3
{[%clk 1:30:56]} e6 {[%clk 1:32:04]} 5. c3 {[%clk 1:31:24]} Nd7 {[%clk 1:28:42]}
6. Be2 {[%clk 1:29:33]} h6 {[%clk 1:29:05]} 7. O-O {[%clk 1:29:29]} Ne7
{[%clk 1:29:03]} 8. Nbd2 {[%clk 1:29:47]} a5 {[%clk 1:29:12]} 9. Re1
{[%clk 1:22:53]} Bg6 {[%clk 1:27:09]} 10. Nf1 {[%clk 1:12:27]} Nf5
{[%clk 0:53:18]} 11. Bd3 {[%clk 1:01:20]} Be7 {[%clk 0:53:16]} 12. Ng3
{[%clk 0:50:11]} Nxg3 {[%clk 0:53:25]} 13. Bxg6 {[%clk 0:50:27]} fxg6
{[%clk 0:53:47]} 14. fxg3 {[%clk 0:50:30]} O-O {[%clk 0:50:36]} 15. Qd3
{[%clk 0:48:03]} Qe8 {[%clk 0:49:59]} 16. Be3 {[%clk 0:43:21]} a4
{[%clk 0:44:07]} 17. Re2 {[%clk 0:40:40]} b5 {[%clk 0:33:52]} 18. Rf1
{[%clk 0:40:44]} Nb6 {[%clk 0:32:53]} 19. Ref2 {[%clk 0:36:42]} Nc4
{[%clk 0:30:12]} 20. Bc1 {[%clk 0:35:19]} Rb8 {[%clk 0:29:21]} 21. g4
{[%clk 0:22:44]} c5 {[%clk 0:24:29]} 22. g5 {[%clk 0:20:14]} h5 {[%clk 0:06:26]}
23. Nh4 {[%clk 0:19:35]} Rf5 {[%clk 0:03:47]} 24. h3 {[%clk 0:18:13]} a3
{[%clk 0:02:38]} 25. bxa3 {[%clk 0:11:05]} cxd4 {[%clk 0:02:29]} 26. cxd4
{[%clk 0:11:31]} Ra8 {[%clk 0:02:00]} 27. g4 {[%clk 0:11:17]} Rxf2
{[%clk 0:00:59]} 28. Rxf2 {[%clk 0:11:46]} Bxa3 {[%clk 0:00:53]} 29. Bxa3
{[%clk 0:05:38]} Rxa3 {[%clk 0:01:22]} 30. Qb1 {[%clk 0:04:49]} Rxh3
{[%clk 0:01:31]} 31. Nxg6 {[%clk 0:04:18]} Na3 {[%clk 0:01:49]} 32. Qf1
{[%clk 0:04:33]} Rg3+ {[%clk 0:00:31]} 33. Kh2 {[%clk 0:04:58]} Qxg6
{[%clk 0:00:49]} 34. Kxg3 {[%clk 0:04:24]} Qxg5 {[%clk 0:00:56]} 35. Rf8+
{[%clk 0:04:09]} Kh7 {[%clk 0:01:26]} 36. Qd3+ {[%clk 0:04:38]} g6
{[%clk 0:01:30]} 37. Qxa3 {[%clk 0:04:37]} Qxg4+ {[%clk 0:01:56]} 38. Kh2
{[%clk 0:04:18]} Qe2+ {[%clk 0:01:20]} 39. Kg1 {[%clk 0:04:26]} Qg4+
{[%clk 0:00:48]} 40. Kf1 {[%clk 0:34:17]} Qd1+ {[%clk 0:31:12]} 41. Kg2
{[%clk 0:34:07]} Qg4+ {[%clk 0:27:03]} 42. Qg3 {[%clk 0:34:02]} 1-0

[Event "European Individual Chess Championship 2017"]
[Site "?"]
[Date "2017.06.08"]
[Round "9.75"]
[White "Svetushkin, Dmitry"]
[Black "Grinberg, Eyal"]
[Result "1-0"]
[BlackElo "2457"]
[WhiteElo "2573"]
[LiveChessVersion "1.4.8"]

1. e4 {[%clk 1:30:53]} c5 {[%clk 1:30:51]} 2. Nf3 {[%clk 1:31:14]} d6
{[%clk 1:31:17]} 3. d4 {[%clk 1:31:36]} cxd4 {[%clk 1:31:42]} 4. Nxd4
{[%clk 1:31:59]} Nf6 {[%clk 1:32:06]} 5. Nc3 {[%clk 1:32:12]} a6 {[%clk 1:32:31]}
6. f3 {[%clk 1:32:36]} e5 {[%clk 1:32:54]} 7. Nb3 {[%clk 1:33:00]} Be6
{[%clk 1:33:15]} 8. Be3 {[%clk 1:33:26]} h5 {[%clk 1:33:37]} 9. Qd2
{[%clk 1:33:42]} Nbd7 {[%clk 1:33:58]} 10. Nd5 {[%clk 1:33:52]} Bxd5
{[%clk 1:34:21]} 11. exd5 {[%clk 1:34:19]} g6 {[%clk 1:34:38]} 12. Be2
{[%clk 1:34:44]} Bg7 {[%clk 1:34:27]} 13. O-O-O {[%clk 1:35:08]} Qc7
{[%clk 1:21:34]} 14. Kb1 {[%clk 1:35:28]} O-O {[%clk 1:20:21]} 15. g4
{[%clk 1:35:43]} Rfc8 {[%clk 1:17:22]} 16. Rc1 {[%clk 1:28:50]} a5
{[%clk 1:10:39]} 17. g5 {[%clk 1:29:09]} Nh7 {[%clk 1:09:25]} 18. a4
{[%clk 1:28:33]} Nb6 {[%clk 1:03:28]} 19. Bxb6 {[%clk 1:24:57]} Qxb6
{[%clk 1:02:41]} 20. Bb5 {[%clk 1:25:23]} Qd8 {[%clk 1:00:44]} 21. h4
{[%clk 1:22:08]} Nf8 {[%clk 0:58:07]} 22. Rhe1 {[%clk 1:08:19]} Kh7
{[%clk 0:50:05]} 23. f4 {[%clk 1:05:56]} exf4 {[%clk 0:31:27]} 24. Qxf4
{[%clk 1:02:07]} Qc7 {[%clk 0:31:47]} 25. Nd2 {[%clk 0:58:57]} Be5
{[%clk 0:30:20]} 26. Rxe5 {[%clk 0:52:23]} dxe5 {[%clk 0:30:43]} 27. Qf3
{[%clk 0:52:50]} Rd8 {[%clk 0:25:59]} 28. Ne4 {[%clk 0:48:49]} Kg8
{[%clk 0:21:18]} 29. Rf1 {[%clk 0:42:20]} Qe7 {[%clk 0:17:27]} 30. Bc4
{[%clk 0:37:05]} Kh8 {[%clk 0:04:36]} 31. Qd3 {[%clk 0:30:32]} Qe8
{[%clk 0:01:19]} 32. d6 {[%clk 0:28:24]} Qxa4 {[%clk 0:00:46]} 33. Rxf7
{[%clk 0:27:14]} Rac8 {[%clk 0:01:14]} 34. Qd5 {[%clk 0:25:21]} Re8
{[%clk 0:01:30]} 35. Rxf8+ {[%clk 0:24:09]} Rxf8 {[%clk 0:01:55]} 36. Qxe5+
{[%clk 0:24:35]} Kh7 {[%clk 0:02:12]} 37. Qe7+ {[%clk 0:24:27]} Kh8
{[%clk 0:02:41]} 38. Nf6 {[%clk 0:24:22]} Rxf6 {[%clk 0:01:30]} 39. gxf6
{[%clk 0:24:31]} 1-0

[Event "European Individual Chess Championship 2017"]
[Site "?"]
[Date "2017.06.08"]
[Round "9.76"]
[White "Paehtz, Elisabeth"]
[Black "Deac, Bogdan-Daniel"]
[Result "0-1"]
[BlackElo "2572"]
[WhiteElo "2474"]
[LiveChessVersion "1.4.8"]

1. d4 {[%clk 1:30:58]} d5 {[%clk 1:30:37]} 2. c4 {[%clk 1:29:01]} e6
{[%clk 1:31:03]} 3. Nc3 {[%clk 1:29:26]} Bb4 {[%clk 1:31:25]} 4. e3
{[%clk 1:28:19]} Ne7 {[%clk 1:25:53]} 5. Qa4+ {[%clk 1:17:03]} Nbc6
{[%clk 1:25:13]} 6. Nf3 {[%clk 1:17:23]} Bd7 {[%clk 1:17:02]} 7. Qc2
{[%clk 1:17:08]} Nf5 {[%clk 1:15:38]} 8. Bd2 {[%clk 1:11:20]} Nce7
{[%clk 1:10:48]} 9. c5 {[%clk 0:54:16]} c6 {[%clk 1:09:37]} 10. g4
{[%clk 0:52:17]} Nh6 {[%clk 1:09:43]} 11. Rg1 {[%clk 0:52:27]} Ng6
{[%clk 1:03:47]} 12. Be2 {[%clk 0:49:08]} e5 {[%clk 0:44:47]} 13. Nxe5
{[%clk 0:48:43]} Nxe5 {[%clk 0:45:07]} 14. dxe5 {[%clk 0:49:07]} Qe7
{[%clk 0:45:20]} 15. a3 {[%clk 0:46:32]} Ba5 {[%clk 0:39:26]} 16. O-O-O
{[%clk 0:38:15]} Qxe5 {[%clk 0:39:02]} 17. Qa4 {[%clk 0:38:21]} Bc7
{[%clk 0:33:34]} 18. f4 {[%clk 0:37:54]} Qe7 {[%clk 0:33:56]} 19. e4
{[%clk 0:34:47]} Qxc5 {[%clk 0:29:40]} 20. exd5 {[%clk 0:21:53]} cxd5
{[%clk 0:24:48]} 21. Bb5 {[%clk 0:22:17]} Bxb5 {[%clk 0:13:10]} 22. Qxb5+
{[%clk 0:22:42]} Qxb5 {[%clk 0:13:27]} 23. Nxb5 {[%clk 0:23:09]} Bb6
{[%clk 0:13:52]} 24. Rge1+ {[%clk 0:22:14]} Kd7 {[%clk 0:13:49]} 25. h3
{[%clk 0:14:35]} Kc6 {[%clk 0:11:23]} 26. a4 {[%clk 0:12:58]} Rhe8
{[%clk 0:10:41]} 27. Bc3 {[%clk 0:12:36]} f6 {[%clk 0:10:35]} 28. Bd4
{[%clk 0:08:08]} a6 {[%clk 0:05:22]} 29. Bxb6 {[%clk 0:06:09]} axb5
{[%clk 0:04:43]} 30. a5 {[%clk 0:06:35]} Nf7 {[%clk 0:04:43]} 31. Kb1
{[%clk 0:06:57]} Kd6 {[%clk 0:00:54]} 32. Rf1 {[%clk 0:06:00]} Re4
{[%clk 0:00:38]} 33. Rf3 {[%clk 0:06:21]} d4 {[%clk 0:00:35]} 34. Bxd4
{[%clk 0:06:34]} Ke6 {[%clk 0:00:38]} 35. Bb6 {[%clk 0:04:40]} Rc8
{[%clk 0:00:56]} 36. Rfd3 {[%clk 0:02:08]} Rxf4 {[%clk 0:01:20]} 37. Rb3
{[%clk 0:00:48]} b4 {[%clk 0:01:17]} 38. Rbd3 {[%clk 0:01:15]} Ne5
{[%clk 0:01:15]} 39. Rd6+ {[%clk 0:01:42]} Ke7 {[%clk 0:01:37]} 40. Ka2
{[%clk 0:31:22]} Rf3 {[%clk 0:31:25]} 41. Bd8+ {[%clk 0:28:49]} Ke8
{[%clk 0:29:30]} 42. Re6+ {[%clk 0:29:14]} Kf8 {[%clk 0:29:35]} 43. g5
{[%clk 0:25:27]} b3+ {[%clk 0:28:01]} 44. Ka3 {[%clk 0:25:54]} Nc4+
{[%clk 0:28:10]} 45. Kb4 {[%clk 0:26:23]} Nxb2 {[%clk 0:27:34]} 46. Rd7
{[%clk 0:25:02]} Nd3+ {[%clk 0:27:34]} 47. Ka3 {[%clk 0:24:37]} b2
{[%clk 0:27:41]} 48. Ka2 {[%clk 0:24:49]} Nb4+ {[%clk 0:26:17]} 49. Kb1
{[%clk 0:25:03]} Rc1+ {[%clk 0:26:41]} 0-1

[Event "European Individual Chess Championship 2017"]
[Site "?"]
[Date "2017.06.08"]
[Round "9.77"]
[White "Neverov, Valeriy"]
[Black "Gabuzyan, Hovhannes"]
[Result "1/2-1/2"]
[BlackElo "2570"]
[WhiteElo "2472"]
[LiveChessVersion "1.4.8"]

1. d4 {[%clk 1:30:57]} Nf6 {[%clk 1:29:00]} 2. c4 {[%clk 1:31:21]} d6
{[%clk 1:29:02]} 3. Nc3 {[%clk 1:28:07]} Nbd7 {[%clk 1:29:27]} 4. e4
{[%clk 1:23:22]} e5 {[%clk 1:29:50]} 5. Nf3 {[%clk 1:23:05]} Be7 {[%clk 1:29:33]}
6. g3 {[%clk 1:21:51]} a6 {[%clk 1:29:08]} 7. Bg2 {[%clk 1:21:25]} b5
{[%clk 1:28:24]} 8. O-O {[%clk 1:16:14]} O-O {[%clk 1:27:26]} 9. Qe2
{[%clk 0:59:47]} Bb7 {[%clk 1:23:45]} 10. Rd1 {[%clk 0:56:56]} b4
{[%clk 1:21:44]} 11. Nd5 {[%clk 0:57:01]} Nxd5 {[%clk 1:21:53]} 12. cxd5
{[%clk 0:56:32]} a5 {[%clk 1:22:11]} 13. dxe5 {[%clk 0:52:10]} dxe5
{[%clk 1:22:36]} 14. Be3 {[%clk 0:52:17]} Bd6 {[%clk 1:22:03]} 15. Rac1
{[%clk 0:51:10]} Qe7 {[%clk 1:22:26]} 16. Nd2 {[%clk 0:32:46]} Ba6
{[%clk 1:21:26]} 17. Qe1 {[%clk 0:32:06]} Nb6 {[%clk 1:20:56]} 18. Bf1
{[%clk 0:31:14]} Bc8 {[%clk 1:21:22]} 19. Nc4 {[%clk 0:30:48]} Nxc4
{[%clk 1:21:47]} 20. Rxc4 {[%clk 0:31:08]} Bd7 {[%clk 1:21:44]} 21. Rdc1
{[%clk 0:30:22]} Rfc8 {[%clk 1:20:52]} 22. Qd1 {[%clk 0:27:44]} Bb5
{[%clk 1:19:31]} 23. R4c2 {[%clk 0:26:29]} Ba4 {[%clk 1:19:59]} 24. b3
{[%clk 0:26:50]} Bd7 {[%clk 1:20:24]} 25. Be2 {[%clk 0:26:51]} g6
{[%clk 1:20:32]} 26. Bg4 {[%clk 0:25:03]} f5 {[%clk 1:00:18]} 27. exf5
{[%clk 0:25:28]} gxf5 {[%clk 1:00:45]} 28. Bh3 {[%clk 0:25:51]} Rf8
{[%clk 1:00:16]} 29. Qh5 {[%clk 0:12:30]} Qf7 {[%clk 0:59:39]} 30. Qxf7+
{[%clk 0:12:09]} Kxf7 {[%clk 0:59:05]} 31. Rc4 {[%clk 0:08:02]} Kg6
{[%clk 0:58:38]} 32. f4 {[%clk 0:05:26]} e4 {[%clk 0:58:00]} 33. Rxe4
{[%clk 0:05:25]} a4 {[%clk 0:57:20]} 34. Rec4 {[%clk 0:02:49]} axb3
{[%clk 0:56:01]} 35. axb3 {[%clk 0:03:17]} Ra3 {[%clk 0:56:16]} 36. Bc5
{[%clk 0:02:31]} Rxb3 {[%clk 0:51:36]} 37. Bxd6 {[%clk 0:02:54]} cxd6
{[%clk 0:52:04]} 38. Rc7 {[%clk 0:03:07]} Rf7 {[%clk 0:49:56]} 39. Rb7
{[%clk 0:02:17]} Rd3 {[%clk 0:49:17]} 40. Bf1 {[%clk 0:31:52]} Rd4
{[%clk 1:18:29]} 41. Rb1 {[%clk 0:21:34]} Be6 {[%clk 1:11:21]} 42. R7xb4
{[%clk 0:15:23]} Rxb4 {[%clk 1:11:39]} 43. Rxb4 {[%clk 0:15:52]} Bxd5
{[%clk 1:12:03]} 44. Rd4 {[%clk 0:16:14]} Be4 {[%clk 1:12:28]} 45. Rxd6+
{[%clk 0:16:31]} Rf6 {[%clk 1:12:57]} 46. Rd2 {[%clk 0:16:08]} Rc6
{[%clk 1:13:21]} 47. Be2 {[%clk 0:15:46]} Rc2 {[%clk 1:08:58]} 48. Rd6+
{[%clk 0:15:42]} Kf7 {[%clk 1:09:23]} 49. Kf2 {[%clk 0:15:33]} Ke7
{[%clk 1:09:45]} 50. Rd4 {[%clk 0:14:04]} Ra2 {[%clk 1:09:57]} 51. Rd1
{[%clk 0:08:19]} Ke6 {[%clk 1:08:56]} 52. Ke3 {[%clk 0:05:03]} Ra3+
{[%clk 1:09:12]} 53. Kd4 {[%clk 0:04:49]} Kf6 {[%clk 1:09:20]} 54. Bc4
{[%clk 0:03:43]} Ra8 {[%clk 1:09:07]} 55. Kc3 {[%clk 0:03:29]} Ke7
{[%clk 1:08:28]} 56. g4 {[%clk 0:02:14]} h6 {[%clk 1:07:55]} 57. h4
{[%clk 0:02:00]} Ra3+ {[%clk 1:05:57]} 58. Bb3 {[%clk 0:00:32]} fxg4
{[%clk 1:02:43]} 59. Re1 {[%clk 0:01:00]} Kf6 {[%clk 1:03:08]} 60. Rxe4
{[%clk 0:01:27]} Kf5 {[%clk 1:03:35]} 61. Re8 {[%clk 0:00:32]} Kxf4
{[%clk 1:03:14]} 62. h5 {[%clk 0:00:34]} g3 {[%clk 1:03:18]} 63. Rf8+
{[%clk 0:00:34]} Ke3 {[%clk 1:01:28]} 64. Re8+ {[%clk 0:00:38]} Kf2
{[%clk 1:01:05]} 65. Rf8+ {[%clk 0:01:03]} Kg1 {[%clk 0:59:49]} 66. Rf6
{[%clk 0:01:10]} Kh2 {[%clk 0:57:26]} 67. Rxh6 {[%clk 0:01:30]} g2
{[%clk 0:57:32]} 68. Rg6 {[%clk 0:01:51]} 1/2-1/2

[Event "European Individual Chess Championship 2017"]
[Site "?"]
[Date "2017.06.08"]
[Round "9.78"]
[White "Santos Latasa, Jaime"]
[Black "Polivanov, Anatoliy"]
[Result "1/2-1/2"]
[BlackElo "2401"]
[WhiteElo "2567"]
[LiveChessVersion "1.4.8"]

1. e4 {[%clk 1:30:57]} c5 {[%clk 1:30:39]} 2. Nf3 {[%clk 1:31:19]} e6
{[%clk 1:31:00]} 3. g3 {[%clk 1:31:44]} Nc6 {[%clk 1:30:33]} 4. Bg2
{[%clk 1:32:07]} Nf6 {[%clk 1:29:27]} 5. Qe2 {[%clk 1:31:03]} d5 {[%clk 1:29:07]}
6. d3 {[%clk 1:31:11]} Be7 {[%clk 1:28:22]} 7. O-O {[%clk 1:31:32]} O-O
{[%clk 1:28:09]} 8. e5 {[%clk 1:31:49]} Ne8 {[%clk 1:28:25]} 9. h4
{[%clk 1:30:33]} h6 {[%clk 1:25:10]} 10. Bf4 {[%clk 1:30:18]} Nc7
{[%clk 1:24:10]} 11. c3 {[%clk 1:28:29]} b5 {[%clk 1:21:32]} 12. a3
{[%clk 1:24:11]} d4 {[%clk 1:06:24]} 13. cxd4 {[%clk 1:19:50]} cxd4
{[%clk 1:05:21]} 14. Nbd2 {[%clk 1:16:31]} Nd5 {[%clk 1:05:34]} 15. Rac1
{[%clk 1:16:50]} Bd7 {[%clk 0:46:08]} 16. Ne4 {[%clk 1:16:25]} Nxf4
{[%clk 0:44:42]} 17. gxf4 {[%clk 1:16:45]} Rc8 {[%clk 0:45:03]} 18. Nfd2
{[%clk 1:15:54]} b4 {[%clk 0:35:32]} 19. Nc4 {[%clk 1:11:17]} bxa3
{[%clk 0:34:21]} 20. bxa3 {[%clk 1:11:14]} Na5 {[%clk 0:33:50]} 21. Ncd6
{[%clk 1:11:29]} Rxc1 {[%clk 0:28:49]} 22. Rxc1 {[%clk 1:11:24]} Nb3
{[%clk 0:20:10]} 23. Rb1 {[%clk 1:08:42]} Ba4 {[%clk 0:19:19]} 24. Qc2
{[%clk 1:06:52]} Bxd6 {[%clk 0:15:09]} 25. Qc4 {[%clk 0:56:07]} Qd7
{[%clk 0:12:06]} 26. exd6 {[%clk 0:56:16]} Rc8 {[%clk 0:12:00]} 27. Qb4
{[%clk 0:56:37]} a5 {[%clk 0:08:02]} 28. Qb6 {[%clk 0:56:48]} Rc6
{[%clk 0:03:50]} 29. Qb8+ {[%clk 0:50:52]} Rc8 {[%clk 0:04:15]} 30. Rxb3
{[%clk 0:39:03]} Bxb3 {[%clk 0:02:42]} 31. Qxb3 {[%clk 0:38:51]} f5
{[%clk 0:02:34]} 32. Ng3 {[%clk 0:38:48]} Rc1+ {[%clk 0:02:04]} 33. Bf1
{[%clk 0:38:50]} Qxd6 {[%clk 0:01:10]} 34. Nxf5 {[%clk 0:39:04]} a4
{[%clk 0:01:09]} 35. Qa2 {[%clk 0:38:31]} Qb6 {[%clk 0:01:03]} 36. Ng3
{[%clk 0:38:17]} Qb3 {[%clk 0:00:40]} 37. Qe2 {[%clk 0:38:28]} Qxa3
{[%clk 0:00:40]} 38. Qxe6+ {[%clk 0:38:47]} Kh8 {[%clk 0:00:45]} 39. Qe8+
{[%clk 0:37:10]} Kh7 {[%clk 0:01:11]} 40. f5 {[%clk 1:06:52]} Qxd3
{[%clk 0:30:35]} 41. f6 {[%clk 1:04:02]} Rxf1+ {[%clk 0:25:16]} 42. Nxf1
{[%clk 1:03:45]} Qg6+ {[%clk 0:25:43]} 43. Qxg6+ {[%clk 1:04:07]} Kxg6
{[%clk 0:26:10]} 44. fxg7 {[%clk 1:04:30]} Kxg7 {[%clk 0:26:36]} 45. Nd2
{[%clk 1:03:20]} a3 {[%clk 0:23:31]} 46. Nb3 {[%clk 1:03:32]} a2 {[%clk 0:21:09]}
47. f4 {[%clk 0:53:09]} Kg6 {[%clk 0:20:02]} 48. Kf2 {[%clk 0:53:30]} Kf5
{[%clk 0:14:50]} 49. Kf3 {[%clk 0:53:45]} d3 {[%clk 0:14:59]} 50. Ke3
{[%clk 0:54:06]} h5 {[%clk 0:13:17]} 51. Kxd3 {[%clk 0:54:14]} Kxf4
{[%clk 0:13:38]} 52. Kd4 {[%clk 0:54:30]} Kg4 {[%clk 0:13:49]} 53. Ke4
{[%clk 0:54:53]} Kxh4 {[%clk 0:14:11]} 54. Kf4 {[%clk 0:55:17]} Kh3
{[%clk 0:14:27]} 55. Kf3 {[%clk 0:55:40]} Kh2 {[%clk 0:13:12]} 56. Kf2
{[%clk 0:56:04]} h4 {[%clk 0:13:17]} 57. Na1 {[%clk 0:56:29]} Kh3
{[%clk 0:12:57]} 58. Kf3 {[%clk 0:56:53]} Kh2 {[%clk 0:13:18]} 59. Kf2
{[%clk 0:57:18]} 1/2-1/2

[Event "European Individual Chess Championship 2017"]
[Site "?"]
[Date "2017.06.08"]
[Round "9.79"]
[White "Donchenko, Alexander"]
[Black "Lavrov, Maxim"]
[Result "1/2-1/2"]
[BlackElo "2369"]
[WhiteElo "2563"]
[LiveChessVersion "1.4.8"]

1. c4 Nf6 2. g3 g6 3. Bg2 Bg7 4. d4 O-O 5. Nf3 d6 6. O-O Nbd7 7. Nc3 e5 8. e4 c6
9. h3 exd4 10. Nxd4 Nc5 11. Be3 Re8 12. Qc2 a5 13. Rad1 Qe7 14. Rfe1 a4 15. Bg5
h6 16. Bf4 Nfd7 17. Ndb5 cxb5 18. Bxd6 Qf6 19. Nxb5 Ne6 20. Rd2 Ne5 21. f4 Nxf4
22. gxf4 Qxf4 23. Rf2 Qg5 24. Kf1 Qh4 25. Re3 Be6 26. Rc3 Red8 27. c5 Bxa2 28.
Nc7 Bb3 29. Qc1 Rac8 30. Nd5 Bxd5 31. exd5 Nd3 32. Rxd3 Rxd6 33. Qe3 Rd7 34. Rc2
Bf8 35. Rdc3 Qf6+ 36. Qf2 Qa6+ 37. Kg1 Bg7 38. Ra3 Qb5 39. d6 Qb4 40. Rd3 Re8 41.
Bd5 Re1+ 42. Kg2 Re5 43. Rc4 Rg5+ 44. Kh1 Qb5 45. Qc2 Rf5 46. Rd1 Rd8 47. Be4 Rh5
48. Bg2 Qd7 49. Qxa4 Qxa4 50. Rxa4 Rxc5 51. Bxb7 Bxb2 52. Re4 Rc1 53. Rxc1 Bxc1
54. Rd4 Be3 1/2-1/2

[Event "European Individual Chess Championship 2017"]
[Site "?"]
[Date "2017.06.08"]
[Round "9.80"]
[White "Galliamova, Alisa"]
[Black "Kryakvin, Dmitry"]
[Result "0-1"]
[BlackElo "2560"]
[WhiteElo "2456"]
[LiveChessVersion "1.4.8"]

1. d4 {[%clk 1:30:56]} Nf6 {[%clk 1:30:48]} 2. Nf3 {[%clk 1:30:06]} e6
{[%clk 1:30:57]} 3. c4 {[%clk 1:27:35]} c5 {[%clk 1:30:11]} 4. g3
{[%clk 1:26:56]} cxd4 {[%clk 1:30:09]} 5. Nxd4 {[%clk 1:27:12]} d5
{[%clk 1:30:25]} 6. Bg2 {[%clk 1:23:10]} e5 {[%clk 1:30:49]} 7. Nb3
{[%clk 1:23:11]} d4 {[%clk 1:30:55]} 8. O-O {[%clk 1:16:27]} Nc6 {[%clk 1:31:02]}
9. f4 {[%clk 1:13:27]} e4 {[%clk 1:16:38]} 10. f5 {[%clk 1:12:27]} a5
{[%clk 1:03:08]} 11. a4 {[%clk 0:58:33]} Qb6 {[%clk 0:54:35]} 12. N1d2
{[%clk 0:41:51]} d3+ {[%clk 0:49:42]} 13. Kh1 {[%clk 0:39:09]} e3
{[%clk 0:46:25]} 14. exd3 {[%clk 0:32:25]} exd2 15. Bxd2 {[%clk 0:32:38]} Be7
{[%clk 0:45:48]} 16. Bc3 {[%clk 0:31:03]} O-O {[%clk 0:43:48]} 17. d4
{[%clk 0:28:00]} Bb4 {[%clk 0:40:13]} 18. d5 {[%clk 0:25:56]} Bxc3
{[%clk 0:39:47]} 19. bxc3 {[%clk 0:26:15]} Ne7 {[%clk 0:33:41]} 20. g4
{[%clk 0:21:36]} h6 {[%clk 0:30:39]} 21. c5 {[%clk 0:20:17]} Qd8 {[%clk 0:30:03]}
22. c4 {[%clk 0:19:38]} Bd7 {[%clk 0:29:55]} 23. Qd4 {[%clk 0:18:55]} Re8
{[%clk 0:29:25]} 24. h3 {[%clk 0:16:41]} Kh8 {[%clk 0:25:56]} 25. Rf2
{[%clk 0:16:26]} Neg8 {[%clk 0:23:43]} 26. Qf4 {[%clk 0:13:39]} Rb8
{[%clk 0:19:57]} 27. Rb2 {[%clk 0:11:58]} Qc8 {[%clk 0:13:45]} 28. Nxa5
{[%clk 0:08:53]} Qxc5 {[%clk 0:12:57]} 29. Nxb7 {[%clk 0:08:44]} Qa7
{[%clk 0:10:50]} 30. d6 {[%clk 0:07:07]} Ne4 {[%clk 0:09:53]} 31. Rab1
{[%clk 0:03:50]} Ngf6 {[%clk 0:08:19]} 32. Rb6 {[%clk 0:02:32]} Bc8
{[%clk 0:05:51]} 33. Bxe4 {[%clk 0:01:22]} Rxe4 {[%clk 0:05:25]} 34. d7
{[%clk 0:01:20]} Rxf4 {[%clk 0:03:07]} 35. d8=Q+ {[%clk 0:01:45]} Kh7
{[%clk 0:03:33]} 36. Nd6 {[%clk 0:01:28]} Rxb6 {[%clk 0:03:05]} 37. Qxb6
{[%clk 0:01:17]} Qa8+ {[%clk 0:03:21]} 38. Nb7 {[%clk 0:00:43]} Qxa4
{[%clk 0:02:22]} 39. Nd6 {[%clk 0:00:39]} Qa3 {[%clk 0:01:51]} 40. Rb3
{[%clk 0:30:41]} Qc1+ {[%clk 0:31:26]} 41. Kg2 {[%clk 0:30:54]} Bb7+
{[%clk 0:27:06]} 42. Kg3 {[%clk 0:06:21]} Rf1 {[%clk 0:21:49]} 43. Qxb7
{[%clk 0:06:21]} Qe1+ {[%clk 0:21:49]} 44. Kh2 {[%clk 0:06:33]} Qe5+
{[%clk 0:21:20]} 0-1